Ensayos sobre cultura y literatura nacional /

Guardado en:
Autor Principal: Rest, Jaime
Otros Autores: Crespi, Maximiliano, pról.
Formato: Libro
Publicado: Bahía Blanca : 17grises, 2010
Series:Colección Lindante / materiales
Materias:
Etiquetas: Agregar Etiqueta
Sin Etiquetas, Sea el primero en etiquetar este registro!
LEADER 00729nam a22002295a 4500
001 CEM.cems013405
005 20100827104407.0
008 130507s2010##################000#0#####d
003 CEMS
020 |a 9789871724031 
082 0 4 |a A864.4 
100 1 |a Rest, Jaime 
245 1 0 |a Ensayos sobre cultura y literatura nacional /  |c Jaime Rest ; selección, Estudio Preliminar y Notas Maximiliano Crespi 
260 |a Bahía Blanca :  |b 17grises,  |c 2010 
300 |a 164 p. 
490 0 |a Colección Lindante / materiales 
653 |a Literatura 
653 |a Literatura argentina 
653 |a Ensayos 
653 |a Ensayo argentino 
700 1 |a Crespi, Maximiliano, pról. 
859 |a CEMS  |b BIB. CEMS - 11 de abril  |h A864.4  |i R313  |p 25938.10  |t Ej.1